Представление документа в формате RUSMARC

ПолеНазваниеЗначение
  Тип записи a
  Библиографический уровень m
001 Контрольный номер RU/CBS_UL/BASE/0544874e4a824575a6655d39d092b4da
005 Дата корректировки 20260204163351.9
010 Индекс ISBN __
a ISBN
b Уточнения в пер.
9 Тираж экз.
d Цена 70 р. 00 к.
090 Данные записи __
b Тип записи Книги
c Язык записи Русский
d Отрасль знаний (КСУ) Другая
e Секретность Несекретно
g Вид записи Монография (однотомник)
100 Данные общей обработки __
a Данные общей обработки 20111111d2013 u u 1rusy ||||ca
101 Язык документа 0_
a Язык текста rus
105 Кодированные данные (монография) __
a Кодированные данные (монография) a z 000yy
200 Заглавие и сведения об ответственности 1_
a Заглавие Международное право в документах
e Сведения, относящиеся к заглавию учебное пособие для вузов
205 Сведения об издании __
a Основные сведения об издании 3-е изд., перераб. и доп.
210 Выходные данные 1_
a Место издания Москва
c Издательство Профобразование
d Дата издания 2002
215 Физическое описание __
a Объем 824 с.
d Формат см.
300 Общие примечания __
a Общие примечания 18+
300 Общие примечания __
a Общие примечания Под инв. номером 89317: 1-1, 2-1, 3-1, 4-1, 5-1, 6-1, 7-1, 8-1, 9н-1, 12-1, 15-1, 17-1, 19-1, 22-1
606 Тематические рубрики 0_
a Основная рубрика Международное право - Учебные пособия
610 Ключевые слова 0_
a Ключевые слова право; право международное; государство; пособия учебные
686 Индексы других классификаций __
a Классификационный индекс 67.412
2 Код системы rubbk
801 Источник записи _0
a Страна RU
b Организация МБУК ЦБС г. Ульяновска
c Дата составления 20111111
801 Источник записи _1
a Страна RU
b Организация МБУК ЦБС г. Ульяновска
c Дата составления 20111111
852 Данные о местонахождении __
i Авторский знак М 43
j Шифр хранения 67.412